Mapas y planos 1678 - 1884 [Recurs electrònic]
Descripción Física:
1 disc òptic (DVD) : col.
Otros Autores:
València. Arxiu General i Fotogràfic
MARC
| LEADER | 00000nam a2200000Ia 4500 | ||
|---|---|---|---|
| 001 | 20877 | ||
| 008 | 160829s2008 xx 000 0 cat d | ||
| 080 | |a CD-2-18 | ||
| 245 | |a Mapas y planos 1678 - 1884 [Recurs electrònic] | ||
| 260 | |a València : |b Diputació de València. Arxiu General i Fotogràfic, |c 2008 | ||
| 300 | |a 1 disc òptic (DVD) : |b col. | ||
| 590 | |a Requeriments del sistema: sistema operatiu Windows 2000/xp. Processador 1.5GHz Pentium, ADM o superior. Memoria 256MB (512 recomanat), targeta gràfica 32MB. Espai lliure en el disc dur 5GB. Lector DVD 4x o superior | ||
| 650 | |a Mapes antics |x Catàlegs |9 46491 | ||
| 650 | |a València. Arxiu General i Fotogràfic |x Fons d'arxius |9 46492 | ||
| 700 | |a València. Arxiu General i Fotogràfic |9 46493 | ||
| 710 | 1 | |a València (País Valencià : Província). |b Diputació |9 54740 | |
| 901 | |a Arxiu | ||
| 942 | |n 1 | ||
| 952 | |0 0 |1 0 |4 0 |6 CD218 |7 1 |9 53248 |a Arxiu |b Arxiu |d 2016-12-01 |l 0 |o CD-2-18 |p 20877 |r 2016-12-01 00:00:00 |w 2016-12-01 |y ARXIU | ||
| 999 | |c 57112 |d 57112 | ||